000 00327nab a22001097u 4500
008 130520b1984 xxu||||| |||| 00| 0 spa d
041 _aspa
100 1 _aVogeleisen, G.
_967343
245 0 0 _aLa catequesis en la transmisión de la fe
_cG. Vogeleisen
773 0 _tConcilium
_gV.2,1984,págs.41-52
_x0210-1041
_wRev134
942 _cAR
999 _c355131
_d355131